LIBRARY & INFORMATION CENTRE, KCAET, TAVANUR

ONLINE PUBLIC ACCESS CATALOGUE (OPAC)

Normal view MARC view
  • ALFIYA P. V

Entry Personal Name

Number of records used in: 1

001 - CONTROL NUMBER

  • control field: 3636

003 - CONTROL NUMBER IDENTIFIER

  • control field: OSt

005 - DATE AND TIME OF LATEST TRANSACTION

  • control field: 20181010114028.0

008 - FIXED-LENGTH DATA ELEMENTS

  • fixed length control field: 181010|| aca||aabn | a|a d

040 ## - CATALOGING SOURCE

  • Original cataloging agency: OSt
  • Transcribing agency: OSt

100 ## - HEADING--PERSONAL NAME

  • Personal name: ALFIYA P. V

670 ## - SOURCE DATA FOUND

  • Source citation: Work cat.: (OSt)15000: ALFIYA P. V ASHLY K. R SANGEETHA P. SHENOY, Effect of post harvest treatments and modified atmosphere package on shelf life extension of passion fruit (Passiflora edulis)
free website counter